El Barranc de l'Infern /
ISBN:
9788412174373
Descripción Física:
49 pàg. ; il·lustracions color ; 26 cm.
Otros Autores:
Reñé, Xavi, 1988
Materias:
Contes populars catalans
; Fonollosa (Catalunya) -- Llibres per a infants
; Contes infantils
Idioma:
Catalán
MARC
| LEADER | 00000nam a22000007a 4500 | ||
|---|---|---|---|
| 001 | 28894 | ||
| 003 | AGDB | ||
| 005 | 20260324181532.0 | ||
| 008 | 250604b spa||||| |||| 00| 0 cat d | ||
| 017 | |a B 15905-2024 | ||
| 020 | |a 9788412174373 | ||
| 040 | |a agdb |b cat | ||
| 100 | 1 | |a Cortina, Imma, |d 1959- |9 72112 |e text | |
| 245 | |a El Barranc de l'Infern / |c Imma Cortina ; Xavi Reñé | ||
| 260 | |a Fonollosa : |b Ajuntament de Fonollosa : |b Lalè ; |c 2024 | ||
| 300 | |a 49 pàg. ; |b il·lustracions color ; |c 26 cm. | ||
| 650 | 0 | |a Contes populars catalans |2 Arxiu |9 41969 | |
| 651 | 0 | |a Fonollosa (Catalunya) |v Llibres per a infants |9 72110 | |
| 655 | 0 | |a Contes infantils |9 67183 | |
| 700 | 1 | |a Reñé, Xavi, |d 1988 |9 72113 |e il·lustracions | |
| 710 | |a Fonollosa (Catalunya). |b Ajuntament |9 72111 |e entitat editora | ||
| 942 | |c ARXIU |n 1 | ||
| 952 | |0 0 |1 0 |4 0 |6 BIB1292 |7 1 |9 98151 |a Arxiu |b Arxiu |d 2025-06-04 |l 0 |o Bib-1292 |p 28894 |r 2025-06-04 00:00:00 |w 2025-06-04 |y ARXIU | ||
| 999 | |c 129929 |d 129929 | ||